Normal view
MARC view
Entry Meeting Name
001 - CONTROL NUMBER
- control field: 8355
003 - CONTROL NUMBER IDENTIFIER
- control field: OSt
005 - DATE AND TIME OF LATEST TRANSACTION
- control field: 20211105133005.0
008 - FIXED-LENGTH DATA ELEMENTS
- fixed length control field: 211105|| aca||aabn | a|a d
040 ## - CATALOGING SOURCE
- Original cataloging agency: OSt
- Transcribing agency: OSt
111 ## - HEADING--MEETING NAME
- Meeting name or jurisdiction name as entry element: International Astronomical Union Symposium
- Number of part/section/meeting: 66th
- Location of meeting: Warsaw, Poland
- Date of meeting or treaty signing: 1973 Sep. 10-12
670 ## - SOURCE DATA FOUND
- Source citation: Work cat.: (OSt): International Astronomical Union Symposium 66th Warsaw, Poland 1973 Sep. 10-12, Late stages of stellar evolution, 1974